One Piece quiz ultime 7 - Arc Reverse Mountain - Statistiques

Statistiques générales
  • Ce quiz a été pris 25 fois
    3 depuis la dernière actualisation
  • Le résultat moyen est 19 sur 27
Statistiques - réponses
Question Réponse % Correct
Quel âge a Crocus ? 71 ans
100%
Comment s'appelle le cap de Crocus ? Cap des Jumeaux
100%
Qu'est-ce qu'on trouve en grande quantité sur ces deux zones maritimes ? Des monstres marins
100%
À qui Crocus s'adressait quand il disait que Luffy était probablement le pirate qu'ils attendaient depuis longtemps ? Gold Roger
100%
Quelle partie du Merry se casse-t-elle en fonçant sur Laboon ? La proue
100%
Quel est le nom de la dernière île ? Laugh Tale / Rough Tell
100%
Qu'est-ce que Luffy a arraché du Merry pour le planter sur Laboon ? Le mât
100%
Comment s'appelle le duo de Mr. 13 et Miss Friday ? Les Unluckies
100%
Quel est le surnom de la partenaire de Mr. 9 ? Miss Wednesday
100%
À qui appartenait le dispositif de navigation trouvé par Luffy ? Mr. 9
100%
Quel dispositif de navigation faut-il utiliser sur Grand Line ? Un Log Pose
100%
Quel animal est Miss Friday ? Un vautour
100%
De quelle mer vient Laboon ? West Blue
100%
Depuis combien de temps Laboon attend-t-elle le retour de ses amis pirates ? 50 ans
67%
Combien y a-t-il de routes possible pour traverser Grand Line ? 7
67%
Quel est le nom des deux zones maritimes entourant Grand Line ? Calm Belt
67%
Quel est le signe astrologique de Crocus ? Gémeaux
67%
Quelle est la mission de Mr. 9 et sa partenaire ? Tuer Laboon
67%
Qu'est-ce que Luffy a promis à Laboon pour leur prochaine rencontre ? Un combat
67%
Qu'est-ce qui trône sur la tête de Crocus ? Une fleur
67%
Quel est le groupe sanguin de Crocus ? AB
33%
Par quoi Luffy passe-t-il pour rentrer dans Laboon ? Par une trappe
33%
Qu'est-ce que Luffy a peint sur le front de Laboon ? Son pavillon
33%
Quel animal est Mr. 13 ? Une loutre
33%
Quelle technique de Luffy consiste à planter un objet sur Laboon ? Gum Gum Repiquage /Gomu Gomu no Ikebana
0%
À quelle espèce appartient Laboon ? Island Whale /Whale Island
0%
Quel animal Crocus abat-il à l'intérieur de Laboon ? Un calmar géant / Un calmar royal
0%
Aucun quiz correspondant
Distribution des résultats
% des personnes avec chaque résultat
Percentile par nombre de réponses
Votre historique - résultats
Vous n’avez pas pris ce quiz depuis la dernière actualisation